Resolutions and other decisions of the 24th Assembly : resolutions 966 - 988 ( 21 November - 2 December 2005) (Record no. 3339)

000 -LEADER
fixed length control field 00432nam a2200133Ia 4500
008 - FIXED-LENGTH DATA ELEMENTS--GENERAL INFORMATION
fixed length control field 200103s 2006 ||||xx |||||||||||||| ||und||
020 ## - INTERNATIONAL STANDARD BOOK NUMBER
International Standard Book Number 9789280142136
082 ## - DEWEY DECIMAL CLASSIFICATION NUMBER
Classification number 341.756
Item number IMO
110 ## - MAIN ENTRY--CORPORATE NAME
Corporate name or jurisdiction name as entry element International Maritime Organization
245 #0 - TITLE STATEMENT
Title Resolutions and other decisions of the 24th Assembly : resolutions 966 - 988 ( 21 November - 2 December 2005)
260 ## - PUBLICATION, DISTRIBUTION, ETC. (IMPRINT)
Name of publisher, distributor, etc IMO
Date of publication, distribution, etc 2006
Place of publication, distribution, etc London
300 ## - PHYSICAL DESCRIPTION
Extent v, 182p.
942 ## - ADDED ENTRY ELEMENTS (KOHA)
Item type Books
Holdings
Withdrawn status Lost status Source of classification or shelving scheme Damaged status Not for loan Collection code Permanent location Current location Shelving location Date acquired Full call number Barcode Date last seen Koha item type Public note
          Non-fiction IMU-MPC Library IMU-MPC Library IMO Shelf 2020-01-08 341.756 IMO LBS12679 2024-04-12 Books IMO SHELF
Copyright © 2021 Indian Maritime University, Mumbai Port Campus. All Rights Reserved. Managed & Maintained by Central Library, IMU-Mumbai

webs counters

Powered by Koha